000 00422cam a2200169ua 4500
020 _c1.50
041 _amal
_h
082 _a894.812308
_bMOI/UM
100 _aMoidu, Padiyathu .
245 _aUmitheeyu /
_cMoidu Padiyathu.
_hTextual Documents
260 _aThuravoor :
_bSree Narasimha Vilasam Book Depot ,
_c1962.
300 _a124 ; .
365 _a1.50
504 _a
942 _cBK
999 _c11716
_d11716